000 00738nam a22002172i 4500
001 27716
003 BD-RjUL
005 20211209051207.0
008 140327s19651964 uk 000 0 eng d
035 _a(BD-RjUL)27795
040 _aUKM
_cUKM
_dBD-RjUL
_beng
041 _aeng
082 _a940.3
_218
_bESC 1965
100 1 _aEsposito, Vincent J.
_q(Vincent Joseph),
_d1900-1965.
_985084
245 1 2 _aA concise history of World War 1 /
_cprepared for the Encyclopedia Americana under the advisory editorship of Brigadier General Vincent J. Esposito
260 _aPall Mall Press,
_c1964 [Printed 1965]
300 _a414 p. :
_bill. ;
_c21 cm
500 _aOriginally published, Praeger, 1964
942 _2ddc
_cBK
999 _c27716
_d27716